000 00434nam a2200169Ia 4500
008 090711s9999 xx 000 0 und d
082 _b42542
100 _aदेसाई नयनतारा
245 _aमळभ
260 _c1980
300 _a183
600 _aदेसाई नयनतारा
630 _aमळभ
700 _aदेसाई नयनतारा
730 _aमळभ
942 _cBOOK
999 _c295162
_d295162